MARC

LEADER 00000nam0a2200000 4500
001 16989
005 20260130140538.0
035 |a (RuTPU)RU\TPU\book\17118 
035 |a BOOK00017187 
090 |a 16989 
100 |a 20011209d1978 km y0rusy50 ca 
101 0 |a rus 
102 |a RU 
105 |a y z 000zb 
200 1 |a Идеология пореформенного самодержавия  |e М. Н. Катков и его издания  |f В. А. Твардовская 
210 |a Москва  |c Наука  |d 1978 
215 |a 277 с. 
600 1 |a Катков  |b М. Н.  |g Михаил Никифорович  |c российский публицист  |c издатель  |f 1818-1887  |2 stltpush  |3 (RuTPU)RU\TPU\pers\12158 
606 |a Политическая реакция в России  |x История  |z 1855-1885  |9 89126 
610 1 |a Россия 
610 1 |a 19 век 
610 1 |a публицистика 
610 1 |a московские ведомости 
610 1 |a самодержавие 
610 1 |a контрреформаторы 
686 |a Т3(2)522  |2 rubbk 
700 1 |a Твардовская  |b В. А.  |g Валентина Александровна 
801 0 |a RU  |b 63413507  |c 20011209  |g PSBO 
801 2 |a RU  |b 63413507  |c 20121225  |g PSBO 
942 |c BK